00899nam a2200169Ia 4500008004100000020001500041050001700056100002900073245012500102260003300227300004000260500015000300504001700450505019600467650003100663700003500694120626s2005 sp 000 0 spa d a8427714637 aBF717bF47181 aFerland, Francineeautor11a¿Jugamos? b : el juego con niñas y niños de 0 a 6 añosc / Francine Ferland ; traducción de Carolina Ballester aEspaña b : Narceac, 2005 a141 páginasb : tablasc ; 20 cm. aContiene: conclusión y mensaje a las niñas y niños \ Título original: Et si on jouait? Le jeu chez l’enfant de la naissance á six ans a(p. 139-141) a¿Qué es jugra? El juego y el desarrollo del niño ¿Cómo jugar con un niño? ¿Con qué jugar? Jugar con plena seguridad ¿Con quién jugar? El juego, facilitador de la vida familiar14aJUEGOxDESARROLLO INFANTIL aBallester, Carolinaetraductor